000 00805cam a2200253 a 4500
001 1356507
003 PILC
005 20150515105450.0
008 820130s1982 txua 001 0 eng
010 _a 80070654
020 _a0256022879
040 _aDLC
_cDLC
_dDLC
050 1 0 _aQA 76.73.C25
_b.B718 1982
082 0 0 _a001.64/24
100 1 _aBonno, John A.
245 1 0 _aIntroduction to COBOL /
_cJohn A. Bonno, Kent T. Fields.
260 _aPlano, Texas :
_bBusiness Publications, Inc. ;
_aGeorgetown, Ontario :
_bIrwin-Dorsey Limited,
_c1982.
300 _ax, 497 pages :
_billustrations ;
_c24 cm.
500 _aIncludes index.
650 0 _aCOBOL (Computer program language).
700 1 _aFields, Kent T.
906 _a7
_bcbc
_corignew
_d2
_eopcn
_f19
_gy-gencatlg
942 _2lcc
_cBK
_kFOR
999 _c283989
_d283989